| 000 | 01683nam a22002897a 4500 | ||
|---|---|---|---|
| 001 | 1197 | ||
| 005 | 20230808094101.0 | ||
| 008 | 230808b cb ||||| |||| 00| 0 khr d | ||
| 020 | _a9789924341116 | ||
| 040 |
_aFISKH _beng _cFISKH _dFISKH |
||
| 082 | _a639.67 | ||
| 100 | _aRotha, Ouk | ||
| 245 | _aគិរី និង សុភី ចាប់ក្ដាម / | ||
| 250 | _aគ្រឹះស្ថានបោះពុម្ពផ្សាយ Sipar មិថុនា ២០២១ | ||
| 260 |
_aPhnom Penh : _bSipar, _c2021. |
||
| 300 |
_a24 pages : _bcolor illustrations ; _c21 cm |
||
| 490 | _aខ្ញុំចេះអាន | ||
| 505 | _aF | ||
| 520 | _aសុភី បានបបួលគីរី ទៅចាប់ក្ដាមជាមួយគ្នា។ នៅពេលកំំពុងជីកក្ដាម គិរីក៏បានស្រែកឡើង ដោយសារសត្វអន្ទង់ តែគិរីមិនស្គាល់ ស្មានថាជាសត្វពស់។ ពួកគេក៏បានចាប់សត្វអន្ទង់នោះនិងក្ដាមមួយចំនួនទៀតយកទៅធ្វើម្ហូប។ | ||
| 520 | _aSophy asked Kiri to catch crabs together. While digging, Kiri screamed at the eel, but Kiri did not know and recognize him as a snake. They caught the eel and some crabs for cooking. | ||
| 521 |
_a300
_bLexile estimate |
||
| 521 |
_aF
_bRaz-Plus |
||
| 650 |
_aអន្ទង់ _vក្ដាម _xចាប់ |
||
| 650 |
_aEel _vCrabs _xHunting |
||
| 700 |
_aRotha, Ouk _cillustrator |
||
| 942 |
_2ddc _cBK _n0 |
||
| 999 |
_c1197 _d1197 |
||